ბათუმის შოთა რუსთაველის სახელმწიფო უნივერსიტეტის ბიბლიოთეკა

История государственного управления в Россий. (ბიბ.ჩანაწერი № 44553)

000 -LEADER
fixed length control field 00770nam a2200241Ia 4500
001 - CONTROL NUMBER
control field 11356
003 - CONTROL NUMBER IDENTIFIER
control field GE_BSU
008 - FIXED-LENGTH DATA ELEMENTS--GENERAL INFORMATION
fixed length control field 181216s||||||||xx |||||||||||||| ||und||
020 ## - INTERNATIONAL STANDARD BOOK NUMBER
International Standard Book Number 9785392115358
040 ## - CATALOGING SOURCE
Transcribing agency GE_BSU
080 ## - UNIVERSAL DECIMAL CLASSIFICATION NUMBER
Universal Decimal Classification number 94(470)(075.8):351/354
100 ## - MAIN ENTRY--PERSONAL NAME
Personal name Омельченко,Н.А.
245 ## - TITLE STATEMENT
Title История государственного управления в Россий.
245 ## - TITLE STATEMENT
Remainder of title Учебник.
260 ## - PUBLICATION, DISTRIBUTION, ETC.
Place of publication, distribution, etc. Москва.
260 ## - PUBLICATION, DISTRIBUTION, ETC.
Name of publisher, distributor, etc. Проспект.
260 ## - PUBLICATION, DISTRIBUTION, ETC.
Date of publication, distribution, etc. 2014.
300 ## - PHYSICAL DESCRIPTION
Extent 464стр;21см.
520 ## - SUMMARY, ETC.
Summary, etc. Государственный университет управления.
653 ## - INDEX TERM--UNCONTROLLED
Uncontrolled term История государственного управления в Россий.
942 ## - ADDED ENTRY ELEMENTS (KOHA)
Koha item type წიგნი
ეგზემპლარები
Withdrawn status Lost status Damaged status Not for loan Date acquired Barcode Date last seen Price effective from Koha item type
        2018-12-17 35401 2018-12-17 2018-12-17 წიგნი